LEADER 01125nam a2200253 i 4500 001 000000141690 003 CaOOAMICUS 005 20050727000000.0 008 050727s1972 it u000 u ita u 013 $a116418 040 $aSeMil$bita 100 1 $aPompeo Faracovi, Ornella.$0(OLS)http://semarc/name/56948 245 13$aIl marxismo francese contemporaneo fra dialettica e struttura (1945-1968) /$cOrnella Pompeo Faracovi. 260 $aMilano :$bFeltrinelli,$c1972. 300 $a284 p. ;$c23 cm. 490 0 $aI fatti e le idee. Saggi e biografie ; collana diretta da Paolo Rossi ;$v227 500 $aContiene : Bibliografia. 650 4$aMarxismo - Francia.$0(OLS)http://semarc/subject/27891 830 2$aI fatti e le idee ;$v227.$0(OLS)http://semarc/title/9191 850 $aSeMil 852 $aSeMil$W1$xVenegono$y1$m52 4 227 *$j94909$B94909$CSeMilBibl$Z2$F101514 $81 961 $aLascito: Corradi mons. Enrico 996 $6245$aIl marxismo francese contemporaneo fra dialettica e struttura (1945-1968)$9(OLS)http://semarc/title/207101 996 $6260$aMilano :$bFeltrinelli$9(OLS)http://semarc/publisher/30237 LEADER 01283nas a2200193 i 4500 001 000000003171 003 CaOOAMICUS 005 20251205105306.0 008 180830u1987 vc au p u0 0mul r 040 $aSeMil$bita 245 00$aAnnuaire general (Pontificia Academia Scientiarum) 260 $aCité du Vatican :$b[s.n.],$c1986-    . 510 4 $aCod. rivista ACNP:$cPT 03783222 710 02$aPontificia Accademia delle Scienze .$0(OLS)http://semarc/name/1671 850 $aSeMil 852 $aSeMil$W1$xVenegono$y1$pCliccare per visualizzare collocazione e posseduto cumulativo

Cliccare per visualizzare eventuali spogli (alla eventuale voce ?Indici? in fondo di pagina)$B256410$CSeMilBibl$Z2$F256410 $85 996 $6245$aAnnuaire general (Pontificia Academia Scientiarum)$9(OLS)http://semarc/title/5413 996 $6260$aCité du Vatican :$b[s.n.]$9(OLS)http://semarc/publisher/31092